| 000 | 00941cab a2200289 4500 | ||
|---|---|---|---|
| 001 | WB2908-17 | ||
| 008 | 090401t1993 xxu||||| |||| 00| 0 eng d | ||
| 035 | _a(Sirsi) u59157 | ||
| 041 | _aeng | ||
| 245 | _aLandfill level assessment study | ||
| 260 | _c1993 | ||
| 350 | _a0 | ||
| 490 |
_aPlanning (for the Natural and Built Environment) _v(1006) 19 February 1993, 4(1) |
||
| 520 | _aAssesses the findings of a DoE commissioned Coopers Lybrand study "Landfill costs and prices - correcting possible market distortions" (HMSO £12) reviewing the impact on levies on landfill waste. | ||
| 650 | _aCOSTS | ||
| 650 | _aECONOMIC INSTRUMENTS | ||
| 650 | _aFLY TIPPING | ||
| 650 | _aLANDFILL LEVIES | ||
| 650 | _aLANDFILL | ||
| 650 | _aLOCAL AUTHORITIES | ||
| 650 | _aRECYCLING | ||
| 650 | _aWASTE DISPOSAL | ||
| 650 | _aWASTE MANAGEMENT | ||
| 690 | _aENVIRONMENTAL AND LAND CONSULTANCY | ||
| 942 | _n0 | ||
| 948 | _c04/03/1997 | ||
| 999 |
_c36253 _d36253 |
||